000 01291nam a22001937a 4500
999 _c63356
_d63356
003 Ge_BSU
005 20250924160358.0
008 250924s1980 ge ||||| |||| 00| 0 geo d
041 _ageo
080 _a330.113 გ-74
100 _aგოშაძე, გივი
_9864
245 _aზოგიერთი ეკონომიკური კანონისა და კატეგორიის მოქმედება განვითარებული სოციალიზმის დროს /
_c გივი გოშაძე; რედ. ი. ქვაჩახია; თბილისის შრომის წითელი დროშის ორდენოსანი სახელმწიფო უნივერსიტეტი.
264 _aთბ. :
_b თბილ. უნ-ტის გამ-ბა,
_c1980.
300 _a264 გვ. ;
_b20 სმ.
653 _aეკონომიკური კანონები.
700 _aქვაჩახია, ი.
_eრედაქტორი
_98257
710 _aთბილისის შრომის წითელი დროშის ორდენოსანი სახელმწიფო უნივერსიტეტი.
_925869
942 _2udc
_cBK